MARC details
| 000 -CABECERA |
| campo de control de longitud fija |
02474nam a2200421Ia 4500 |
| 001 - NÚMERO DE CONTROL |
| campo de control |
dia_7398 |
| 003 - IDENTIFICADOR DEL NÚMERO DE CONTROL |
| campo de control |
CHAP |
| 005 - FECHA Y HORA DE LA ÚLTIMA TRANSACCIÓN |
| campo de control |
20250819095036.0 |
| 007 - CAMPO FIJO DE DESCRIPCIÓN FÍSICA--INFORMACIÓN GENERAL |
| campo de control de longitud fija |
ta |
| 008 - DATOS DE LONGITUD FIJA--INFORMACIÓN GENERAL |
| campo de control de longitud fija |
220117s2018 mx abo f 001 0 spa d |
| 040 ## - FUENTE DE LA CATALOGACIÓN |
| Centro/agencia transcriptor |
CHAP |
| Centro catalogador/agencia de origen |
mxchpua |
| 090 ## - LOCALMENTE ASIGNADO TIPO-LC NÚMERO DE CLASIFICACIÓN (OCLC); NÚMERO DE CLASIFICACIÓN LOCAL (RLIN) |
| Número de clasificación (OCLC) (R) ; Numero de clasificación, CALL (RLIN) (NR) |
T.C.782 |
| Número cutter local (OCLC) ; Número de libro/Signatura topográfica íntegra, CALL (RLIN) |
O45 SAI |
| Año |
2018 |
| 245 10 - MENCIÓN DE TÍTULO |
| Título |
Hortalizas de exportación : |
| Resto del título |
jitomate (Lycopersicom esculentum Mill.), pepino (Cucumis sativus) y pimiento (Capsicum annuum) en la región noroeste de México / |
| Mención de responsabilidad, etc. |
coordinador Romel Olivares Gutiérrez ; colaboradores Jesús Adán Aquino Luis...[y otros] |
| 260 ## - PUBLICACIÓN, DISTRIBUCIÓN, ETC. |
| Lugar de publicación, distribución, etc. |
México : |
| Nombre del editor, distribuidor, etc. |
El autor, |
| Fecha de publicación, distribución, etc. |
2018 |
| 300 ## - DESCRIPCIÓN FÍSICA |
| Extensión |
169 páginas: |
| Otras características físicas |
ilustraciones, tablas, diagramas, mapas, fotos |
| 336 ## - TIPO DE CONTENIDO |
| Fuente |
rdacontent |
| Término de tipo de contenido |
texto |
| Código de tipo de contenido |
txt |
| 337 ## - TIPO DE MEDIO |
| Fuente |
rdamedia |
| Nombre/término del tipo de medio |
no mediado |
| Código del tipo de medio |
n |
| 338 ## - TIPO DE SOPORTE |
| Fuente |
rdacarrier |
| Nombre/término del tipo de soporte |
volumen |
| Código del tipo de soporte |
nc |
| 500 ## - NOTA GENERAL |
| Nota general |
Grado: 6°año Grupo: 05 |
| 502 ## - NOTA DE TESIS |
| Nota de tesis |
Viaje de Estudios |
| Tipo de título |
(SAI) -- |
| Nombre de la institución que otorga el título |
UACh. Departamento de Ingeniería Agroindustrial, |
| Año de obtención del título |
2018 |
| 504 ## - NOTA DE BIBLIOGRAFÍA, ETC. |
| Nota de bibliografía, etc. |
Bibliografía: página154-155 |
| 505 00 - NOTA DE CONTENIDO CON FORMATO |
| Nota de contenido con formato |
Empresas visitadas: |
| Título |
1. Agrícola Belher --<br/>2. Wholesum Harvest --<br/>3. Eleven Rivers Growers --<br/>4. Confederación de Asociaciones Agrícolas del estado de Sinaloa (CAADES) --<br/>5. Secretaría de Agricultura y Ganadería --<br/>6. Grupo Empresarial ALFER --<br/>7. Rex Irrigación Noroeste --<br/>8. Asociación de Agricultores del Río Fuerte Sur --<br/>9. Union de Coorporativas Agropecuarias Bioespacio de Etchohuaquila, S. C. de R. L. de C. V. --<br/>10. Agrícola Feval, S. A. de C. V. --<br/>11. Hortícola Luipack, S. P. R. de R. L. --<br/>13. Asociación de productores de hortalizas del Yaqui y Mayo (APHYM) --<br/>14. Fertilizantes Tepeyac --<br/>15. Rex Irrigación Sonora --<br/>16. Agro-empresa productos Sn. Rafael |
| 650 13 - PUNTO DE ACCESO ADICIONAL DE MATERIA--TÉRMINO DE MATERIA |
| Término de materia o nombre geográfico como elemento de entrada |
Tomate |
| Subdivisión general |
Industria y comercio |
| 9 (RLIN) |
163302 |
| Subdivisión geográfica |
México |
| 650 13 - PUNTO DE ACCESO ADICIONAL DE MATERIA--TÉRMINO DE MATERIA |
| Término de materia o nombre geográfico como elemento de entrada |
Pepinos |
| Subdivisión general |
Industria y comercio |
| 9 (RLIN) |
163301 |
| Subdivisión geográfica |
México |
| 650 13 - PUNTO DE ACCESO ADICIONAL DE MATERIA--TÉRMINO DE MATERIA |
| Término de materia o nombre geográfico como elemento de entrada |
Tomatoes |
| Subdivisión general |
Industry and trade |
| 9 (RLIN) |
163303 |
| Subdivisión geográfica |
Mexico |
| 650 10 - PUNTO DE ACCESO ADICIONAL DE MATERIA--TÉRMINO DE MATERIA |
| Término de materia o nombre geográfico como elemento de entrada |
Capsicum annuum |
| Subdivisión general |
Industria y comercio |
| Subdivisión geográfica |
México |
| 9 (RLIN) |
163298 |
| 650 10 - PUNTO DE ACCESO ADICIONAL DE MATERIA--TÉRMINO DE MATERIA |
| Término de materia o nombre geográfico como elemento de entrada |
Capsicum annuum |
| Subdivisión general |
Industry and trade |
| Subdivisión geográfica |
Mexico |
| 9 (RLIN) |
163299 |
| 650 13 - PUNTO DE ACCESO ADICIONAL DE MATERIA--TÉRMINO DE MATERIA |
| Término de materia o nombre geográfico como elemento de entrada |
Cucumbers |
| Subdivisión general |
Industry and trade |
| 9 (RLIN) |
163300 |
| Subdivisión geográfica |
Mexico |
| 700 1# - PUNTO DE ACCESO ADICIONAL--NOMBRE DE PERSONA |
| Nombre de persona |
Olivares Gutiérrez, Romel |
| 9 (RLIN) |
83045 |
| Término indicativo de función/relación |
coordinador |
| 700 1# - PUNTO DE ACCESO ADICIONAL--NOMBRE DE PERSONA |
| Nombre de persona |
Aquino Luis, Jesús Adán |
| 9 (RLIN) |
150791 |
| Término indicativo de función/relación |
colaborador |
| 856 41 - LOCALIZACIÓN Y ACCESO ELECTRÓNICOS |
| Identificador Uniforme del Recurso |
<a href="http://10.13.5.2/ve/TC782SAI/TC782SAI2018-REPORTE.pdf">http://10.13.5.2/ve/TC782SAI/TC782SAI2018-REPORTE.pdf</a> |
| Texto de enlace |
DESCARGAR REPORTE |
| 942 ## - ELEMENTOS DE PUNTO DE ACCESO ADICIONAL (KOHA) |
| Fuente del sistema de clasificación o colocación |
Clasificación Universidad Autónoma de Chapingo |
| 901 ## - ELEMENTOS DE DATOS A LOCAL LDA (RLIN) |
| a |
T.C.782 O45 SAI 2018 |
| 902 ## - ELEMENTOS DE DATOS B LOCAL, LDB (RLIN) |
| a |
M |
| 905 ## - ELEMENTOS DE DATOS E LOCAL, LDE (RLIN) |
| a |
5232272018 MX NDL 8223223322SPA16 |
| 942 ## - ELEMENTOS DE PUNTO DE ACCESO ADICIONAL (KOHA) |
| Tipo de ítem Koha |
Viaje de Estudios |